Najlepsze Państwa Świata w Geometry Dash - Statystyki

Ogólne statystyki
  • Ten quiz został rozwiązany 216 razy
  • Średni wynik to 15 z 25
Statystyki odpowiedzi
Państwo Punkty na liście % Poprawnych
Stany Zjednoczone 7746.20
98%
Polska 2941.70
95%
Francja 3634.30
85%
Rosja 5776.41
85%
Niemcy 3527.77
84%
Kanada 5804.86
81%
Wielka Brytania 7327.54
81%
Hiszpania 3775.19
80%
Meksyk 4479.15
73%
Szwecja 4712.16
70%
Brazylia 3955.82
67%
Norwegia 3889.32
65%
Korea południowa 6053.51
62%
Australia 4694.91
59%
Finlandia 2245.11
59%
Czechy 2424.54
57%
Argentyna 4324.09
55%
Dania 2750.23
49%
Irlandia 3138.15
46%
Austria 3378.23
41%
Rumunia 4284.25
38%
Chile 2486.15
35%
Islandia 4343.64
35%
Kolumbia 3370.95
35%
Katar 3957.84
9%
Nie znaleziono quizów pasujących do podanych kryteriów
Rozkład punktacji
Procent ludzi z każdym wynikiem
Percentyl według liczby udzielonych odpowiedzi
Twoja historia wyników
Nie rozwiązałeś tego quizu